MARC

LEADER 00000nam0a2200000 4500
001 96898
005 20231101214109.0
035 |a (RuTPU)RU\TPU\book\103772 
090 |a 96898 
100 |a 20060519d1945 m y0rusy50 ca 
101 0 |a rus 
102 |a RU 
105 |a c z 001zd 
200 1 |a Ломоносов, Лобачевский, Менделеев: очерки жизни и мировоззрения  |f Б. Г. Кузнецов 
210 |a Москва  |a Ленинград  |c Изд-во Академии наук СССР  |d 1945 
215 |a 335 с.  |c портр. 
316 |5 63413507: М-133711  |a На титульном листе владельческая подпись: "Бутаков" 
317 |5 63413507: М-133711  |a Поступила в НТБ в 1970 г. в составе книжного собрания профессора ТПИ И. Н. Бутакова 
320 |a Примечания: с. 281-332 
600 1 |a Ломоносов  |g Михаил Васильевич  |b М. В.  |c учёный-естествоиспытатель, поэт, историк, художник, деятель просвещения, науки и экономики  |f 1711-1765  |2 stltpush  |3 (RuTPU)RU\TPU\pers\975 
600 1 |a Лобачевский  |g Николай Иванович  |c российский математик  |f 1792-1856  |b Н. И.  |2 stltpush  |3 (RuTPU)RU\TPU\pers\981 
600 1 |a Менделеев  |g Дмитрий Иванович  |b Д. И.  |c учёный-энциклопедист, химик, педагог  |f 1834-1907  |c член-корреспондент Петербургской АН  |2 stltpush  |3 (RuTPU)RU\TPU\pers\1367 
606 1 |a Химики  |x Персоналии  |2 stltpush  |3 (RuTPU)RU\TPU\subj\69968  |9 84576 
610 1 |a наука 
610 1 |a ученые 
610 1 |a биографии 
610 1 |a история 
610 1 |a владельческая надпись 
610 1 |a библиотека И. Н. Бутакова 
675 |a 54(092)  |v 3 
700 1 |a Кузнецов  |b Б. Г. 
801 1 |a RU  |b 63413507  |c 20060519  |g PSBO 
801 2 |a RU  |b 63413507  |c 20220606  |g PSBO 
942 |c BK